Rio Branco - Choix Multiples - Statistiques

Statistiques générales
  • Ce quiz a été pris 4 fois
  • Le résultat moyen est 8 sur 10
Statistiques - réponses
Question Réponse % Correct
État brésilien auquel Rio Branco est la Capitale Acre
100%
Grande forêt où Rio Branco est en plein cœur de celle-ci ? Amazonie
100%
Nom indigène de la région avant l'arrivée des espagnols Uwakuru
100%
Quel Image n'a pas été prise à Rio Branco
75%
Pays qui possédaient le territoire jusqu'en 1903, acheter par le ministre des affaires étrangères du Brésil ? Bolivie
75%
Quel type de plantation était et est la plus produite autour de la ville ? Caoutchouc
75%
Viceroyauté espagnol auquel était intègrer Rio Branco et l'Acre. Vice-royauté du Pérou
75%
Nom du territoire sous la colonisation espagnol jusqu'à l'indépendance du pays à devinée en question 2. Altiplano
50%
Quel surnom donnait-on à ce ministre des affaires étrangères ? Le Baron de Rio Branco
50%
L'état de Rio Branco est le 3e... Moins Peuplée
50%
Aucun quiz correspondant
Distribution des résultats
% des personnes avec chaque résultat
Percentile par nombre de réponses
Votre historique - résultats
Vous n’avez pas pris ce quiz